| Record ID | ia:moonsong0000smit |
| Source | Internet Archive |
| Download MARC XML | https://archive.org/download/moonsong0000smit/moonsong0000smit_marc.xml |
| Download MARC binary | https://www.archive.org/download/moonsong0000smit/moonsong0000smit_meta.mrc |
LEADER: 03434cam 2200805 a 4500
001 ocn730414246
003 OCoLC
005 20201209224732.0
008 120103s2012 nyu d 000 1 eng d
010 $a 2012930072
040 $aBTCTA$beng$cDLC$dBTCTA$dBDX$dBKX$dON8$dCNSPL$dOCLCO$dAU@$dATIGN$dOCLCQ$dOCLCO$dOCLCQ$dOCLCO$dOCLCF$dOCLCO$dAW3$dOCLCO$dFEM$dOCLCO$dOCL$dOCLCO$dCHY$dOCLCQ$dOCLCO$dOCLCQ$dLNC$dIGA$dMLM$dLKC$dOCLCO$dB@L$dNZAUC$dOCLCO$dLF8$dOCLCO$dZQP$dLIQ
019 $a779211101$a779358758$a779830372$a793323411$a793587099
020 $a9780062017703$q(trade)
020 $a0062017705$q(trade)
020 $a9780062119599$q(pbk.)
020 $a0062119591$q(pbk.)
035 $a(OCoLC)730414246$z(OCoLC)779211101$z(OCoLC)779358758$z(OCoLC)779830372$z(OCoLC)793323411$z(OCoLC)793587099
037 $aa$bAB
042 $alccopycat
050 00 $aPZ7.S6537$bMo 2012
082 04 $a[Fic]$223
100 1 $aSmith, L. J.$q(Lisa J.)
245 10 $aMoonsong /$ccreated by L.J. Smith.
246 3 $aMoon song
250 $a1st ed.
260 $aNew York :$bHarperTeen,$c©2012.
300 $a392 pages ;$c22 cm.
336 $atext$btxt$2rdacontent
337 $aunmediated$bn$2rdamedia
338 $avolume$bnc$2rdacarrier
490 1 $aVampire diaries, the hunters ;$vv. 2
520 $aElena and her friends look forward to attending the beautiful campus at Dalcrest College, and Stefan and Damon seem to have reached an understanding, but moving away from Fell's Church does not mean Elena has left her dark past behind. Not only have students begun to disappear from campus, but Elena uncovers a shocking secret and realizes tragedy may be unavoidable.
650 0 $aVampires$vJuvenile fiction.
650 0 $aBrothers$vJuvenile fiction.
650 0 $aMan-woman relationships$vJuvenile fiction.
650 1 $aVampires$vFiction.
650 1 $aHorror stories.
650 7 $aYOUNG ADULT FICTION / Horror.$2bisacsh
650 7 $aYOUNG ADULT FICTION / Romance / Paranormal.$2bisacsh
650 7 $aYOUNG ADULT FICTION / Vampires.$2bisacsh
650 7 $aBrothers.$2fast$0(OCoLC)fst00839665
650 7 $aMan-woman relationships.$2fast$0(OCoLC)fst01007080
650 7 $aVampires.$2fast$0(OCoLC)fst01163968
650 7 $aVampires$vFiction.$2sears
650 7 $aHorror fiction.$2sears
655 0 $aHorror tales.
655 1 $aHorror stories.
655 4 $aHorror fiction$vYoung adult.
655 4 $aLove stories$vYoung adult.
655 7 $aHorror fiction.$2fast$0(OCoLC)fst01921684
655 7 $aFiction.$2fast$0(OCoLC)fst01423787
655 7 $aHorror tales.$2fast$0(OCoLC)fst01726645
655 7 $aJuvenile works.$2fast$0(OCoLC)fst01411637
655 7 $aRomance fiction.$2fast$0(OCoLC)fst01921732
655 7 $aYoung adult works.$2fast$0(OCoLC)fst01726790
655 7 $aHorror fiction.$2gsafd
655 7 $aLove stories.$2gsafd
655 7 $aHorror fiction.$2lcgft
655 7 $aRomance fiction.$2lcgft
800 1 $aSmith, L. J.$q(Lisa J.).$tVampire diaries, the hunters ;$vv. 2.
830 0 $aVampire diaries, the hunters ;$vv. 2.
938 $aBrodart$bBROD$n13299700$c$17.99
938 $aBaker and Taylor$bBTCP$nBK0009927657
029 1 $aAU@$b000048589890
029 1 $aAU@$b000048927713
029 1 $aAU@$b000049807720
029 1 $aNZ1$b13880670
029 1 $aNZ1$b14484495
994 $aZ0$bP4A
948 $hNO HOLDINGS IN P4A - 747 OTHER HOLDINGS